| 000 | 00343 a2200133 4500 | ||
|---|---|---|---|
| 999 |
_c248131 _d248131 |
||
| 001 | 13058 | ||
| 003 | NUST | ||
| 005 | 20180118193303.0 | ||
| 008 | 180118b xxu||||| |||| 00| 0 eng d | ||
| 082 | _a891.733 MAT | ||
| 100 |
_aMatlaw,R.E _98995 |
||
| 245 |
_aAnton Chekhov's Short Stories _cMatlaw,R.E _hEnglish |
||
| 250 | _a1st ed | ||
| 260 |
_aNew York _bW.W. Norton & Company _c1979 |
||
| 300 | _a369p | ||
| 942 |
_aNUST-CAE _cBK _cBK _k891.733 MAT _2ddc |
||